| 000 | 00000nam 2200000zi 4500 |
| 001 | 9.952155 |
| 003 | CaOODSP |
| 005 | 20250820152726 |
| 006 | m o d f |
| 007 | cr cn||||||||| |
| 008 | 250610e202507##bccbdo ob f000 0 fre d |
| 020 | |a9780660777726 |
| 040 | |aCaOODSP|bfre|erda|cCaOODSP |
| 043 | |an-cn-bc |
| 086 | 1 |aFs70-6/2025-032F-PDF |
| 245 | 00|aModélisation de la population d'aiguillats communs du Pacifique (Squalus suckleyi) pour les eaux extérieures de la Colombie-Britannique en 2024. |
| 246 | 17|aModélisation de la population d'aiguillats communs du Pacifique dans les eaux extérieures en 2025 |
| 264 | 1|aNanaimo, BC : |bSecrétariat canadien de consultation scientifique : |bPêches et océans Canada, Région du Pacifique, Centre des avis scientifiques, |cjuillet 2025. |
| 264 | 4|c©2025 |
| 300 | |a1 ressource en ligne (17 pages) : |bcartes, graphiques, photographies. |
| 336 | |atexte|btxt|2rdacontent/fre |
| 337 | |ainformatique|bc|2rdamedia/fre |
| 338 | |aressource en ligne|bcr|2rdacarrier/fre |
| 490 | 1 |aAvis scientifique, |x1919-5117 ; |v2025/032 |
| 500 | |aTitre de départ. |
| 500 | |aPublié aussi en anglais sous le titre : Pacific spiny dogfish (Squalus suckleyi) population modelling for outside waters of British Columbia in 2024. |
| 504 | |aComprend des références bibliographiques (page 17). |
| 520 | |a« L'aiguillat commun du Pacifique (Squalus suckleyi; « aiguillat ») est une petite espèce de requin à maturation tardive qui vit longtemps et qui possède une vaste aire de répartition. Dans le nord-est du Pacifique, il est présent de l'Alaska jusqu'au sud de la Basse-Californie. La population d'aiguillats en Colombie-Britannique (Canada) est évaluée en deux stocks : un stock des eaux intérieures qui occupe le détroit de Georgia et le détroit de Johnstone, et un stock des eaux extérieures qui occupe les autres zones côtières. La présente évaluation porte sur le stock des eaux extérieures » -- Contexte, page [1]. |
| 650 | 6|aAiguillat commun|xConservation|zColombie-Britannique. |
| 650 | 6|aAiguillat commun|xAnalyse de viabilité des populations|zColombie-Britannique. |
| 650 | 6|aRequins|zColombie-Britannique|zPacifique, Côte du|xDistribution géographique. |
| 710 | 2 |aSecrétariat canadien de consultation scientifique, |eorganisme de publication. |
| 710 | 1 |aCanada. |bMinistère des pêches et des océans. |bRégion du Pacifique, |eorganisme de publication. |
| 775 | 08|tPacific spiny dogfish (Squalus suckleyi) population modelling for outside waters of British Columbia in 2024.|w(CaOODSP)9.952154 |
| 830 | #0|aAvis scientifique (Secrétariat canadien de consultation scientifique)|x1919-5117 ; |v2025/032.|w(CaOODSP)9.502624 |
| 856 | 40|qPDF|s1.35 Mo|uhttps://publications.gc.ca/collections/collection_2025/mpo-dfo/fs70-6/Fs70-6-2025-032-fra.pdf |